Responses for Show #296 - Monday, October 28, 1985

Mark Leinwand game 3.

Contestants

[<< previous game]

Nietzchka Keene, a sound technician originally from Boston, Massachusetts

Steve Hirsch, a teacher from Chapel Hill, North Carolina

Mark Leinwand, an attorney and a businessman from Los Angeles, California (whose 2-day cash winnings total $24,450)

[next game >>]

Jeopardy! Round responses

CORPORATE AMERICA
SPORTS TRIVIA
DROPPIN' THE G
BEAUTY SHOP
TV WESTERNS
FOOD
    $100 1
Hawaii

Mark
    $100 20
Kareem Abdul-Jabbar

Steve
    $100 9
"Stayin' Alive"

Steve
    $100 22
mousse

Mark
    $100 6
Barbara Stanwyck

Mark
    $100 3
corn

Nietzchka
    $200 2
(Steve: What is chicken noodle soup?)
...
(Alex: Chicken noodle is second and cream of mushroom is third.)

tomato

SteveNietzchka
    $200 21
(Mark: Ooh, what a guess.)
(Alex: Well guesses, whether they are right or wrong, count for dollars on our program.)

Abner Doubleday

Mark
    $200 10
"Somethin' Stupid"

Mark
    $200 23
(Alex: We have less than a minute to go in this round.)

hypoallergenic

Mark
    $200 7
(Mark: Who is Jack Kelly?)

James Garner

MarkSteve
    $200 4
oats

Nietzchka
    $300 11
(Alex: Not fast enough Steven.)

Snickers

Triple Stumper
    $300 25
bare-handed

Triple Stumper
    $300 15
"Puttin' On The Ritz"

Mark
    $300 24
pregnant

Steve
    $300 8
(Dan) Haggerty

Mark
    $300 5
vichyssoise

Mark
    $400 17
Kmart

Steve
    $400 26
(Nietzchka: What is cricket?)
(Steve: What is lacrosse?)
(Mark: What is tennis?)

badminton

MarkSteveNietzchka
Triple Stumper
    $400 16
Movin' On

Triple Stumper
    $400 12
The Yellow Rose

Nietzchka
    $400 13
rhubarb

Steve
    $500 18
the Pinkerton Company

Steve
    $500 27
air resistance

Steve
    $500 19
"Wishin' And Hopin'"

Triple Stumper
    $500 14
John (the "Duke") Wayne

Mark
    $500 28
(Steve: What are Italy and Greece?)
...
[The end-of-round signal sounds.]

Italy & Spain

Steve

Scores at the first commercial break (after clue 12):

Mark Steve Nietzchka
$800 $100 $900

Scores at the end of the Jeopardy! Round:

Mark Steve Nietzchka
$1,700 $1,400 $500

Double Jeopardy! Round responses

ANCIENT HISTORY
15-LETTER WORDS
IN THE MIDDLE
GOVERNMENTAL
CLASSICAL MUSIC
WARNINGS
    $200 3
Rome

Mark
    $200 1
a Czechoslovakian

Nietzchka
    $200 18
The Proud

Steve
    $200 10
the State Department

Mark
    $200 9
do not feed the animals

Mark
    $400 4
clay tablets

Nietzchka
    $400 2
a photojournalist

Mark
    $400 19
(Alex: We've got less than a minute to go in this round.)

a mediator

Mark
    $400 11
(Steve: the Department of the Interior?)
...
(Alex: In the time of war, of course, it becomes part of the Department of the Navy)

the Department of Transportation

Steve
Triple Stumper
    $400 12
gas stations

Mark
    $600 7
History

Steve
    $600 5
(Steve: What is gerrymandering?)
(Alex: Sorry, that has only 14 letters.)
(Mark: What is redistricting?)

reapportionment

MarkSteve
Triple Stumper
    $600 20
a felony

Nietzchka
    $600 15
the Department of Defense

Steve
    $600 13
Do not use in the event of fire

Mark
    $800 8
Ireland

Nietzchka
    $800 6
aerodynamically

Mark
    $800 16
(Mark: What is the Federal Reserve Board?)

the Supreme Court

MarkSteve
    $1,000 14
(4 of) extinguish all smoking materials, fasten your seatbelts, put your seat back in an upright position, put up the tray in front of you (return carry-on items to beneath the seat or the overhead compartment, return all loose items to the flight attendant or remain seated until the plane has come to a full stop at the gate)

Mark
    $1000 22
[The end-of-round signal sounds.]

Schliemann

Nietzchka
    $1000 17
enterprise zones

Mark
    $1000 21
(Steve: What is Please [*]?)
[Accepted without comment]

Don't Drink the Water

Steve

Scores at the end of the Double Jeopardy! Round:

Mark Steve Nietzchka
$5,500 $3,600 $3,500

[wagering suggestions for these scores]

Final Jeopardy! Round responses

THE OSCARS
(Alex: [To Mark] The films were Captains Courageous and Boys Town--a lady in the audience just said, "Right". You are correct, madam.)
[Laughter]
NietzchkaWho is Clark Gable?
$3,500
SteveWho is Clark Gable?
$3,600
MarkWho was Spencer Tracy?
$1,750
Spencer Tracy

Final scores:

Mark Steve Nietzchka
$7,250 $0 $0
3-day champion: $31,700 2nd place: trip on Eastern to San Francisco & stay at the Holiday Lodge 3rd place: Jules Jurgensen his & hers watches

Game dynamics:

Coryat scores:

Mark Steve Nietzchka
$5,300 $4,100 $3,500
20 R
(including 1 DD),
4 W
13 R,
5 W
(including 1 DD)
9 R,
1 W

Combined Coryat: $12,900

[game clues] [game scores] [suggest correction]

Game tape date: 1985-08-06
The J! Archive is created by fans, for fans. Scraping, republication, monetization, and malicious use prohibited; this site may use cookies and collect identifying information. See terms. The Jeopardy! game show and all elements thereof, including but not limited to copyright and trademark thereto, are the property of Jeopardy Productions, Inc. and are protected under law. This website is not affiliated with, sponsored by, or operated by Jeopardy Productions, Inc. Join the discussion at JBoard.tv.